01121nam a2200313Ia 4500001001200000003000800012006001900020007001500039008004100054010001700095020001800112020001800130040002100148035002100169050002300190082001500213100002200228245006000250260005300310300001500363504005100378533015200429650001500581650002000596655002900616710001700645856012600662999001900788ebr10533605CaPaEBRm u cr cn|||||||||110908s2012 nju sb 001 0 eng d z 2011037112 z9780691152851 z9781400842353 aCaPaEBRcCaPaEBR a(OCoLC)78578231714aBL570b.H35 2012eb04a203/.42231 aHalbertal, Moshe.10aOn sacrificeh[electronic resource] /cMoshe Halbertal. aPrinceton :bPrinceton University Press,cc2012. aix, 134 p. aIncludes bibliographical references and index. aElectronic reproduction.bPalo Alto, Calif. :cebrary,d2011.nAvailable via World Wide Web.nAccess may be limited to ebrary affiliated libraries. 0aSacrifice. 0aSelf-sacrifice. 7aElectronic books.2local2 aebrary, Inc.40uhttp://site.ebrary.com/lib/rucke/Doc?id=10533605zAn electronic book accessible through the World Wide Web; click to view c235317d235317